[Event "Inautomarket Open"]
[Site "Minsk BLR"]
[Date "2008.07.15"]
[Round "6"]
[White "Nechepurenko,R"]
[Black "Dydyshko,V"]
[Result "1-0"]
[WhiteElo "2476"]
[BlackElo "2583"]

1.d4 Nf6 2.c4 e6 3.Nc3 Bb4 4.Qc2 O-O 5.a3 Bxc3+ 6.Qxc3 b6 7.Nf3 Bb7 8.e3 c5
9.Be2 cxd4 10.Qxd4 Nc6 11.Qh4 Na5 12.Bd2 Nb3 13.Rd1 Nxd2 14.Rxd2 Ne4 15.Qxd8 Rfxd8
16.Rd4 Kf8 17.O-O Ke7 18.Nd2 Nf6 19.f4 Rac8 20.g4 d5 21.g5 Ne8 22.cxd5 Rxd5
23.Rxd5 Bxd5 24.Bd3 Nd6 25.Kf2 Nb7 26.e4 Nc5 27.Ke3 Nxd3 28.Kxd3 Bb7 29.Rf3 Ba6+
30.Ke3 Rd8 31.Nb3 Rd1 32.e5 Re1+ 33.Kd4 Re2 34.Rh3 Rxb2 35.Kc3 Rf2 36.Nd4 Rxf4
37.Rxh7 g6 38.Nc6+ Kf8 39.Kb3 Kg8 40.Rh3 Bb7 41.Nxa7 Bd5+ 42.Kb2 Rf5 43.Nc8 Rxe5
44.Nxb6 Bh1 45.a4 Rxg5 46.Kc3 Rh5 47.Rxh5 gxh5 48.a5 Bb7 49.Nd7 Kg7 50.Kd4 Kg6
51.Nc5 Bd5 52.a6 Kf5 53.Nb7 Kg4 54.Kc5 f5 55.Kb6 f4 56.a7 f3 57.a8=Q f2 58.Qa6 Kf3
59.Qd3+  1-0

[Event "Inautomarket Open"]
[Site "Minsk BLR"]
[Date "2008.07.16"]
[Round "7"]
[White "Maiorov,N1"]
[Black "Lanin,A"]
[Result "1-0"]
[WhiteElo "2535"]
[BlackElo "2456"]

1.d4 Nf6 2.c4 e6 3.Nc3 Bb4 4.Qc2 O-O 5.a3 Bxc3+ 6.Qxc3 b6 7.Bg5 Bb7 8.f3 d5
9.e3 Nbd7 10.cxd5 exd5 11.Bd3 Re8 12.Ne2 h6 13.Bh4 c5 14.O-O Qe7 15.Bf2 Rac8
16.Qd2 Nb8 17.b4 Nc6 18.Rab1 cxd4 19.exd4 Ne4 20.fxe4 dxe4 21.Bc2 e3 22.Qd3 exf2+
23.Rxf2 g6 24.Bb3 Qe4 25.Bxf7+ Kg7 26.Qxe4 Rxe4 27.Bd5 Re7 28.Rc1 Rec7 29.Be6  1-0

[Event "XXIII Tadeusz Gniota Mem"]
[Site "Police POL"]
[Date "2008.07.16"]
[Round "9"]
[White "Schmidt,Wl"]
[Black "Shishkin,Va UKR"]
[Result "1/2-1/2"]
[WhiteElo "2396"]
[BlackElo "2506"]

1.d4 Nf6 2.c4 e6 3.Nc3 Bb4 4.Qc2 O-O 5.a3 Bxc3+ 6.Qxc3 b5 7.e3 bxc4 8.Bxc4 Bb7
9.Nf3 d6 10.O-O Nbd7 11.b4 Bxf3 12.gxf3 Nd5 13.Qb3 a5 14.bxa5 Rxa5 15.Bd2 Ra7
16.f4 Qa8 17.Rfc1 Rb8 18.Qd3 c6 19.Ra2 h6 20.Rca1 N5b6 21.Bb3 c5 22.Bc2 c4
23.Qf1 Qc6 24.Rc1 f5 25.Bb1 Nf6 26.f3 d5 27.Bb4 Nbd7 28.Re2 Nh5 29.Qe1 Ndf6
30.Qd2 Kh8 31.Rg2 Rg8 32.Kh1 g5 33.fxg5 hxg5 34.Rcg1 Rag7 35.Bc5 g4 36.Qf2 gxf3
37.Qxf3 Rxg2 38.Rxg2 Rxg2 39.Kxg2 Qa4 40.Qe2 Qb3 41.Bc2 Qb2 42.Bd1 Qb8 43.Qf2 Kg7
44.Qh4 Kg6 45.Be7 Qb2+ 46.Kh3 Qd2 47.Bxh5+ Nxh5 48.Qg5+ Kf7 49.Qxh5+ Kxe7
50.Qg5+ Kd7 51.Qg7+ Kd6 52.Qf8+ Kd7 53.Qf7+ Kd6 54.Qf8+ Kd7 55.Qf7+ Kd6  1/2-1/2

[Event "Ch-AY Boys U16"]
[Site "Tehran IRI"]
[Date "2008.07.17"]
[Round "2"]
[White "Saeed,I"]
[Black "Adhiban,B"]
[Result "0-1"]
[WhiteElo "2219"]
[BlackElo "2422"]

1.d4 Nf6 2.c4 e6 3.Nc3 Bb4 4.Qc2 O-O 5.a3 Bxc3+ 6.Qxc3 b6 7.Bg5 Ba6 8.e3 d6
9.Ne2 Nbd7 10.Qc2 c5 11.Rd1 cxd4 12.Rxd4 Qc7 13.Nc3 d5 14.Bxf6 Nxf6 15.cxd5 Bxf1
16.d6 Qc5 17.Rxf1 Rfd8 18.Qd2 Rd7 19.Ke2 e5 20.Rd3 e4 21.Rd4 Qh5+ 22.f3 Qxh2
23.Kd1 exf3 24.Rxf3 Rad8 25.Rff4 Qh5+ 26.Kc1 Qe5 27.Ne4 Nxe4 28.Rfxe4 Qc5+
29.Kb1 g6 30.Re7 Rxd6 31.Qf2 Rf8 32.Rxa7 Rxd4 33.exd4 Qc4 34.Re7 b5 35.g3 Rd8
36.Qf6 b4 37.Re1 Qd3+ 38.Ka1 Rf8 39.a4 Qxg3 40.Rf1 b3 41.d5 Qd3 42.d6 Qc4
43.Qf4 Qxf4 44.Rxf4 Re8 45.Rf1 Re4 46.Rd1 Rxa4+ 47.Kb1 Ra8 48.Rd3 Rd8 49.Kc1 f5
50.Kd2 Kf7 51.Ke3 Ke6 52.Kf4 Rxd6 53.Rxb3 Kf6 54.Rb8 g5+ 55.Kf3 g4+ 56.Kf4 Rd4+
57.Ke3 Re4+ 58.Kf2 Kg5 59.b4 Kf4 60.b5 g3+  0-1

[Event "19th Czech Chladek & Tintera A Open"]
[Site "Pardubice CZE"]
[Date "2008.07.19"]
[Round "2"]
[White "Plischki,S"]
[Black "Stocek,J"]
[Result "0-1"]
[WhiteElo "2402"]
[BlackElo "2559"]

1.d4 Nf6 2.c4 e6 3.Nc3 Bb4 4.Qc2 O-O 5.a3 Bxc3+ 6.Qxc3 d6 7.f3 d5 8.Bg5 Re8
9.e3 h6 10.Bh4 Nbd7 11.Bd3 e5 12.Ne2 exd4 13.Qxd4 c5 14.Bxf6 Qb6 15.Bd8 Qxd8
16.Qxd5 Qb6 17.Qf5 Nf6 18.Qf4 g5 19.Qg3 Qxb2 20.Rd1 Rxe3 21.O-O Bd7 22.h4 Rxd3
23.Rxd3 Qxe2 24.Rfd1 Nh5 25.Qd6 Nf4 26.R3d2 Qe3+ 27.Kh2 Be6 28.Qe7 Ng6 29.Qxb7 Rf8
30.hxg5 hxg5 31.Qxa7 Kg7 32.Rd8 Nf4 33.Rxf8 Qf2  0-1

[Event "19th Czech Chladek & Tintera A Open"]
[Site "Pardubice CZE"]
[Date "2008.07.21"]
[Round "4"]
[White "Brokken,D"]
[Black "Luch,M"]
[Result "0-1"]
[WhiteElo "2266"]
[BlackElo "2412"]

1.d4 Nf6 2.c4 e6 3.Nc3 Bb4 4.Qc2 O-O 5.a3 Bxc3+ 6.Qxc3 d6 7.Bg5 Nbd7 8.Nf3 h6
9.Bxf6 Qxf6 10.g3 b6 11.Bg2 Bb7 12.O-O Rac8 13.Rac1 Rfd8 14.b4 c5 15.dxc5 Qxc3
16.Rxc3 dxc5 17.b5 Kf8 18.a4 Ke7 19.Ra1 Ra8 20.a5 a6 21.axb6 axb5 22.Rxa8 Rxa8
23.cxb5 Ra1+ 24.Bf1 Ra5 25.Rb3 Bxf3 26.exf3 Nxb6 27.Rc3 Kd6 28.Rd3+ Nd5 29.Rb3 Ra4
30.Rb1 Kc7 31.Bd3 Kb6 32.Rc1 Nc7 33.Kf1 Nxb5 34.Ke2 Nd6 35.Rb1+ Rb4 36.Ra1 Rb2+
37.Kd1 Rxf2 38.Ra6+ Kc7 39.Ra7+ Kc6  0-1

[Event "31st Taminco Open"]
[Site "Ghent BEL"]
[Date "2008.07.22"]
[Round "8"]
[White "Sumets,A"]
[Black "Van der Stricht,G"]
[Result "1/2-1/2"]
[WhiteElo "2534"]
[BlackElo "2426"]

1.d4 Nf6 2.c4 e6 3.Nc3 Bb4 4.Qc2 O-O 5.Bg5 h6 6.Bh4 c5 7.dxc5 Na6 8.e3 Nxc5
9.Ne2 b5 10.cxb5 Bb7 11.f3 Qa5 12.Bxf6 gxf6 13.a3 Bd5 14.Rc1 Bxc3+ 15.Nxc3 Bb3
16.Qd2 Rfc8 17.Be2 d5 18.O-O Na4 19.Qd4 Nxc3 20.Rxc3 Rxc3 21.bxc3 Rc8 22.Qxf6 Qxc3
23.Qxh6 Qd2 24.Qg5+ Kf8 25.Rf2 Rc2  1/2-1/2

[Event "XXVI Andorra Open"]
[Site "La Massana AND"]
[Date "2008.07.22"]
[Round "4"]
[White "Nijs,N"]
[Black "Lafuente,P"]
[Result "0-1"]
[WhiteElo "2150"]
[BlackElo "2505"]

1.d4 Nf6 2.c4 e6 3.Nc3 Bb4 4.Qc2 O-O 5.a3 Bxc3+ 6.Qxc3 Ne4 7.Qc2 f5 8.g3 b6
9.Bg2 Bb7 10.Nf3 Nf6 11.O-O Be4 12.Qc3 d6 13.b4 Qe8 14.Bb2 Nbd7 15.Rfd1 Rc8
16.Rac1 Qh5 17.Qb3 f4 18.c5 Bd5 19.Qa4 fxg3 20.hxg3 c6 21.Qc2 Ng4 22.Qd2 h6
23.Qd3 Ndf6 24.Nh4 Bxg2 25.Kxg2 Nd5 26.Rf1 Rf6 27.e4 Qxh4 28.gxh4 Nf4+ 29.Kg3 Nxd3
30.Kxg4 Rcf8 31.Rb1 Rf3 32.cxd6 g6  0-1

[Event "ch-AUT"]
[Site "Leoben AUT"]
[Date "2008.07.24"]
[Round "6"]
[White "Dietmayer Kraeutler,M"]
[Black "Binder,M"]
[Result "1-0"]
[WhiteElo "2305"]
[BlackElo "2127"]

1.d4 Nf6 2.c4 e6 3.Nc3 Bb4 4.Qc2 O-O 5.a3 Bxc3+ 6.Qxc3 b6 7.e3 d6 8.b4 Nbd7
9.Bd3 c5 10.Ne2 Ba6 11.O-O cxd4 12.exd4 Rc8 13.Qb3 Qc7 14.b5 Bb7 15.Qb4 Be4
16.Bxe4 Nxe4 17.c5 dxc5 18.dxc5 Nexc5 19.Be3 Nf6 20.Qh4 Nd5 21.Nd4 Nxe3 22.fxe3 Qe5
23.Rf3 h6 24.Raf1 Qg5 25.Qh3 f5 26.Nc6 a6 27.Rg3 Qf6 28.Rg6 Qc3 29.Qxh6 Rc7
30.Qf4 Rd7 31.Ne5 Rd5 32.Nc6 Rd7 33.bxa6 Qxa3 34.a7 Rc8 35.Qe5 Qa4 36.Rxe6 Nxe6
37.Qxe6+ Kh7 38.Qxf5+ Kh6 39.Ne5  1-0

[Event "ch-AUT"]
[Site "Leoben AUT"]
[Date "2008.07.27"]
[Round "9"]
[White "Dietmayer Kraeutler,M"]
[Black "Pilaj,H"]
[Result "1/2-1/2"]
[WhiteElo "2305"]
[BlackElo "2389"]

1.d4 Nf6 2.c4 e6 3.Nc3 Bb4 4.Qc2 O-O 5.a3 Bxc3+ 6.Qxc3 b6 7.Bg5 Ba6 8.e3 d6
9.Bd3 Nbd7 10.Ne2 c5 11.O-O Rc8 12.Qc2  1/2-1/2

[Event "TIPC Open"]
[Site "Charleroi BEL"]
[Date "2008.07.30"]
[Round "6"]
[White "Pacolet,F"]
[Black "Bikady,C"]
[Result "1/2-1/2"]
[WhiteElo "1858"]
[BlackElo "2089"]

1.d4 Nf6 2.c4 e6 3.Nc3 Bb4 4.Qc2 O-O 5.a3 Bxc3+ 6.Qxc3 Ne4 7.Qc2 f5 8.g3 b6
9.Bg2 Bb7 10.Nf3 d6 11.O-O Nd7 12.Ng5 Nxg5 13.Bxb7 f4 14.Bg2 fxg3 15.hxg3 Rb8
16.f4 Nf7 17.e4 e5 18.dxe5 dxe5 19.Be3 c5 20.Rad1 Qe7 21.Bh3 Rbd8 22.Rd2  1/2-1/2

[Event "8th United Insurance"]
[Site "Dhaka BAN"]
[Date "2008.07.31"]
[Round "2"]
[White "Chatterjee,D"]
[Black "Minhazuddin,A"]
[Result "0-1"]
[WhiteElo "2231"]
[BlackElo "2339"]

1.d4 Nf6 2.c4 e6 3.Nc3 Bb4 4.Qc2 O-O 5.a3 Bxc3+ 6.Qxc3 c5 7.dxc5 Ne4 8.Qc2 f5
9.Be3 Qc7 10.g3 a5 11.Bg2 Nxc5 12.Nh3 d6 13.O-O Nba6 14.Rad1 Bd7 15.b4 Ba4
16.Qd2 Ne4 17.Bxe4 fxe4 18.Rc1 h6 19.Nf4 Rfe8 20.Bd4 Rad8 21.Bb2 Qf7 22.b5 Nc5
23.Qxa5 Ra8 24.Qb4 b6 25.Ng2 d5 26.Bd4 Rec8 27.cxd5 exd5 28.Bxc5 bxc5 29.Rxc5 Rxc5
30.Qxc5 Qd7 31.b6 d4 32.Rb1 Rc8 33.Qe5 Bc6 34.Rd1 d3 35.exd3 exd3 36.Nf4 Bf3
37.Rb1 d2 38.Qa1 d1=Q+ 39.Rxd1 Qxd1+ 40.Qxd1 Bxd1  0-1

[Event "8th United Insurance"]
[Site "Dhaka BAN"]
[Date "2008.08.02"]
[Round "6"]
[White "Chatterjee,D"]
[Black "Ahmed,SN"]
[Result "1/2-1/2"]
[WhiteElo "2231"]
[BlackElo "2292"]

1.d4 Nf6 2.c4 e6 3.Nc3 Bb4 4.Qc2 O-O 5.a3 Bxc3+ 6.Qxc3 b6 7.Bg5 Bb7 8.f3 h6
9.Bh4 d5 10.e3 Nbd7 11.cxd5 Nxd5 12.Bxd8 Nxc3 13.Bh4 Nd5 14.Bf2 c5 15.Bb5 N5f6
16.Ne2 cxd4 17.Nxd4 e5 18.Nf5 e4 19.Nd6 Rab8 20.Nxb7 Rxb7 21.O-O-O Ne5 22.Kb1 Re7
23.Be2 Ned7 24.f4 Rc8 25.g4 Nc5 26.Rhg1 Nd3 27.Bxd3 exd3 28.Rxd3 Ne4 29.Rf1 Rec7
30.Rd4 Rc4 31.Rxc4 Nd2+ 32.Ka2 Rxc4 33.Rd1 Rc2 34.Be1 Ne4 35.Rd4 Nc5 36.Bd2 Ne6
37.Rd7 a5 38.Kb1 Rc6 39.Bc3 Nc5 40.Rd8+ Kh7 41.Rf8 Ne4 42.Bd4 f6 43.Rb8 Nd2+
44.Ka2 Nf3 45.h3 Nxd4 46.exd4 Rd6 47.f5 h5 48.d5 hxg4 49.hxg4 Kh6 50.Kb3 Rxd5
51.Rxb6 Kg5 52.Kc4 Re5 53.b4 axb4 54.axb4 Kxg4 55.Rb7 Kxf5 56.Rxg7 Re1 57.b5 Kf4
58.b6 Rb1 59.b7 f5 60.Rd7 Kg4 61.Rg7+ Kf3 62.Rd7 Kg4 63.Kc5 f4  1/2-1/2

[Event "17th Open"]
[Site "Kavala GRE"]
[Date "2008.08.02"]
[Round "4"]
[White "Vavrak,P"]
[Black "Kryvoruchko,Y"]
[Result "0-1"]
[WhiteElo "2474"]
[BlackElo "2628"]

1.d4 Nf6 2.c4 e6 3.Nc3 Bb4 4.Qc2 O-O 5.e4 d5 6.e5 Ne4 7.a3 Bxc3+ 8.bxc3 c5
9.Bd3 cxd4 10.cxd4 Qa5+ 11.Kf1 Nc6 12.Ne2 f6 13.Bxe4 dxe4 14.exf6 Rxf6 15.Be3 Ne7
16.Qxe4 Nf5 17.Bf4 Qa6 18.Rc1 Bd7 19.Be5 Rf7 20.Kg1 Bc6 21.Qg4 Qxa3 22.h4 Qb2
23.Re1 Qb4 24.Kh2 Qxc4 25.Nf4 Re8 26.Rc1 Qa2 27.Nh3 Nh6 28.Qg5 Qe2 29.f3 Bxf3
30.Nf4 Ng4+ 31.Qxg4 Bxg4 32.Nxe2 Bxe2 33.Rc5 Bf1 34.Kg3 a6 35.Bf4 Bxg2  0-1

[Event "Najdorf Memorial Open"]
[Site "Warsaw POL"]
[Date "2008.08.02"]
[Round "1"]
[White "Barwinski,D"]
[Black "Warakomski,T"]
[Result "0-1"]
[WhiteElo "2183"]
[BlackElo "2502"]

1.d4 Nf6 2.c4 e6 3.Nc3 Bb4 4.Qc2 O-O 5.a3 Bxc3+ 6.Qxc3 b6 7.Bg5 Bb7 8.Nf3 h6
9.Bh4 d6 10.e3 Nbd7 11.Be2 Qe7 12.O-O g5 13.Bg3 Ne4 14.Qc2 f5 15.Nd2 Ndf6
16.Nxe4 Nxe4 17.Bf3 h5 18.Bxh5 f4 19.f3 fxg3 20.fxe4 Qh7 21.Qe2 gxh2+ 22.Kh1 Bxe4
23.Qg4 Rf5 24.Kxh2 Raf8 25.Kg1 Kg7 26.Rxf5 Rxf5 27.Rd1 Bc6 28.b4 Kf6 29.d5 exd5
30.Qd4+ Ke7 31.Bg4 Re5 32.b5 Be8 33.Bf3 dxc4 34.Qxc4 Rc5 35.Qg4 Bd7 36.Qa4 Bxb5
37.Qxa7 Qc2 38.Rd4 Re5 39.e4 Qc5 40.Kh2 Qxd4 41.Qxc7+ Bd7  0-1

[Event "Najdorf Memorial Open"]
[Site "Warsaw POL"]
[Date "2008.08.02"]
[Round "1"]
[White "Saeed,I"]
[Black "Dziuba,M"]
[Result "0-1"]
[WhiteElo "2219"]
[BlackElo "2570"]

1.d4 Nf6 2.c4 e6 3.Nc3 Bb4 4.Qc2 O-O 5.a3 Bxc3+ 6.Qxc3 b6 7.Bg5 Bb7 8.e3 d6
9.Ne2 Nbd7 10.Qc2 c5 11.Rd1 Rc8 12.Nc3 cxd4 13.Rxd4 Qe7 14.Be2 h6 15.Bh4 Ne5
16.O-O Nc6 17.Rd2 Na5 18.Qa4 Rfd8 19.Rfd1 Bc6 20.Qb4 Nb7 21.Bg3 e5 22.Bf3 Bxf3
23.gxf3 Nc5 24.Nd5 Nxd5 25.Rxd5 f6 26.Qd2 Nb7 27.b3 Qe6 28.f4 Qg4 29.Kg2 e4
30.h3 Qf3+ 31.Kh2 Nc5 32.Qa2 Nd3 33.Rg1 Rc5 34.Rd4 Rh5 35.Qd2 Kh8 36.Qd1 Rxh3+
37.Kxh3 Nxf2+ 38.Kh2 Nxd1 39.Rgxd1 Qxe3 40.b4 Re8 41.Rxd6 Qe2+ 42.Kh3 Qxc4
43.f5 e3 44.Rd8 Qe4 45.Rxe8+ Qxe8 46.Re1 Qe4 47.Kh2 h5  0-1

[Event "17th Open"]
[Site "Kavala GRE"]
[Date "2008.08.04"]
[Round "6"]
[White "Nikolov,Mo"]
[Black "Satyapragyan,S"]
[Result "1/2-1/2"]
[WhiteElo "2500"]
[BlackElo "2414"]

1.d4 Nf6 2.c4 e6 3.Nc3 Bb4 4.Qc2 O-O 5.a3 Bxc3+ 6.Qxc3 d6 7.g3 Qe7 8.b4 e5
9.dxe5 dxe5 10.Bb2 Re8 11.Bg2 Nc6 12.Nf3 Nd4 13.e3 c5 14.Nd2 Bf5 15.Rc1 Rad8
16.e4 Bg6 17.f3 Nd7 18.Kf2 Nb6 19.Rb1 Na4 20.Qc1 Nxb2 21.Qxb2 cxb4 22.axb4 Nc6
23.Rhc1 Nxb4 24.Qxb4 Qxb4 25.Rxb4 Rxd2+ 26.Kg1 b6 27.c5 bxc5  1/2-1/2

[Event "Timisoara Cup GM"]
[Site "Timisoara ROM"]
[Date "2008.08.04"]
[Round "4"]
[White "Grigore,Ge"]
[Black "Ardeleanu,A"]
[Result "1-0"]
[WhiteElo "2517"]
[BlackElo "2407"]

1.d4 Nf6 2.c4 e6 3.Nc3 Bb4 4.Qc2 O-O 5.a3 Bxc3+ 6.Qxc3 b6 7.Bg5 Bb7 8.e3 d6
9.Nf3 Nbd7 10.Nd2 c5 11.f3 Rc8 12.Be2 d5 13.O-O cxd4 14.Qxd4 e5 15.Qd3 h6
16.Bh4 dxc4 17.Nxc4 Ba6 18.Rac1 Qe7 19.Qb1 Qe6 20.b3 Nd5 21.Bd3 g6 22.Rfe1 b5
23.Nd2 b4 24.Bxa6 Qxa6 25.axb4 Nc3 26.Qa1 Qd3 27.Nc4 Ne2+ 28.Rxe2 Qxe2 29.Qb1 e4
30.Qxe4 Rfe8 31.Qd4 Nb6 32.Re1 Rxc4 33.bxc4 Qxc4 34.Bf6 Qxd4 35.Bxd4 Nd5
36.Bc5 Rb8 37.Bxa7 Rxb4 38.Rc1 Rb7 39.Rc8+ Kg7 40.Bd4+ f6 41.Rc6 Rf7 42.e4 Ne7
43.Ra6 g5 44.Kf2 Ng6 45.Ke3 Nf8 46.g3 Nd7 47.Re6 Nf8 48.Rd6 Ng6 49.f4 Ne7
50.f5 h5 51.h3 Ng8 52.Bb6 Rb7 53.Kd3 Kf7 54.Kc4 Re7 55.Kd4 Ke8 56.Rd8+ Kf7
57.Bc5 Rc7 58.Kc4 Ne7 59.Kb5 Rb7+ 60.Bb6 Ng8 61.Kc6 Re7 62.Rd7 Rxd7 63.Kxd7 Ne7
64.Be3 Ng8 65.Kd6 Nh6 66.Bd2 g4 67.h4 Ng8 68.Kd7 Ne7 69.Bb4 Ng8 70.Kc6 Nh6
71.Kd5 Ng8 72.Bd6 Nh6 73.Bf4 Ng8 74.e5 Ne7+ 75.Ke4 Nc6 76.exf6 Kxf6 77.Bd2 Kf7
78.Bc3 Ne7 79.Ba1 Nc8 80.Kf4 Nd6 81.Kg5 Ne4+ 82.Kxh5 Nxg3+ 83.Kxg4 Ne4 84.Bd4 Nd6
85.Kf4 Kg8 86.Ke5 Nf7+ 87.Kf6 Nh8 88.Kg5 Nf7+ 89.Kg6 Nd6 90.h5 Nc8 91.Bc5 Kh8
92.f6  1-0

[Event "5th Open"]
[Site "Kalamaria GRE"]
[Date "2008.08.05"]
[Round "4"]
[White "Kosmas Lekkas,D"]
[Black "Eggleston,D"]
[Result "1-0"]
[WhiteElo "2072"]
[BlackElo "2372"]

1.d4 Nf6 2.c4 e6 3.Nc3 Bb4 4.Qc2 O-O 5.a3 Bxc3+ 6.Qxc3 b6 7.Bg5 Bb7 8.f3 d5
9.e3 Nbd7 10.cxd5 exd5 11.Bd3 h6 12.Bh4 Qe8 13.Ne2 c5 14.Bf2 c4 15.Bc2 b5
16.Qa5 a6 17.O-O Nb8 18.Rfe1 Nc6 19.Qd2 a5 20.e4 dxe4 21.Nc3 Qd7 22.fxe4 Ne5
23.Rad1 Rad8 24.Bh4 b4 25.Nd5 Nxd5 26.dxe5 Nb6 27.Qf2 Qc7 28.Bxd8 Rxd8 29.Rxd8+ Qxd8
30.Rf1 Qc7 31.axb4 axb4 32.e6 b3 33.Bb1 Nc8 34.exf7+ Kf8 35.Kh1 Ne7 36.Qd4 Bc8
37.Qxg7+ Kxg7 38.f8=Q+ Kg6 39.e5+ Kh5 40.Qf7+  1-0

[Event "Najdorf Memorial Open"]
[Site "Warsaw POL"]
[Date "2008.08.05"]
[Round "4"]
[White "Witek,T"]
[Black "Winski,L"]
[Result "1-0"]
[WhiteElo "2125"]
[BlackElo "2045"]

1.d4 Nf6 2.c4 e6 3.Nc3 Bb4 4.Qc2 O-O 5.Bg5 d6 6.a3 Bxc3+ 7.Qxc3 Nbd7 8.e3 b6
9.Ne2 Bb7 10.Qd3 a5 11.Nc3 a4 12.Be2 Ra5 13.Bh4 Bxg2 14.Rg1 Qa8 15.Bxf6 Nxf6
16.d5 exd5 17.Qd4 dxc4 18.f3 Bxf3 19.Qxf6 Bg2 20.Qf2 Be4 21.Qg3 g6 22.O-O-O Re5
23.Rd4 Bc6 24.Rh4 Qe8 25.Qf4 f5 26.Qh6 Qf7 27.Bxc4 d5 28.Ba2 Rfe8 29.Rd1 Rd8
30.e4 fxe4 31.Rxe4 Rh5 32.Qe3 Rd6 33.Re7 Qf6 34.Rxc7 Rxh2 35.Rxc6 Rxc6 36.Bxd5+  1-0

[Event "Najdorf Memorial Open"]
[Site "Warsaw POL"]
[Date "2008.08.06"]
[Round "5"]
[White "Solnicki,M"]
[Black "Winski,L"]
[Result "0-1"]
[WhiteElo "2010"]
[BlackElo "2045"]

1.d4 Nf6 2.c4 e6 3.Nc3 Bb4 4.Qc2 O-O 5.a3 Bxc3+ 6.Qxc3 d6 7.Bg5 Nbd7 8.e3 b6
9.Bd3 Bb7 10.f3 c5 11.Ne2 Rc8 12.Qd2 Qe7 13.Nc3 h6 14.Bxf6 Nxf6 15.O-O Rfd8
16.Rad1 d5 17.Qe2 cxd4 18.exd4 dxc4 19.Bxc4 Nd5 20.Bxd5 Bxd5 21.Rfe1 Qg5
22.Qe5 Qg6 23.Kf2 Bc4 24.Rd2 Rd7 25.h4 Rcd8 26.h5 Qg5 27.Qxg5 hxg5 28.Ke3 f6
29.Rc1 Kf7 30.Ne2 b5 31.Nc3 a6 32.Ne4 e5 33.dxe5 Rxd2 34.Nxd2 Rd3+ 35.Ke2 Rc3+
36.Kd1 Be2+ 37.Kxe2 Rxc1 38.exf6 gxf6 39.Kd3 f5 40.g4 fxg4 41.fxg4 Rg1 42.Ne4 Rxg4
43.Nc5 Rh4 44.Nxa6 Rxh5 45.Nc7 g4 46.Ke4 g3 47.Kf3 Rg5 48.Kg2 Ke7 49.b4 Kd6
50.Na6 Kd5 51.Nc5 Kc4 52.Ne4 Re5 53.Nd2+ Kc3 54.Nf3  0-1

[Event "Arctic Chess Challenge"]
[Site "Tromso NOR"]
[Date "2008.08.07"]
[Round "6"]
[White "Simutowe,A"]
[Black "Turner,Ma"]
[Result "0-1"]
[WhiteElo "2459"]
[BlackElo "2493"]

1.d4 Nf6 2.c4 e6 3.Nc3 Bb4 4.Qc2 O-O 5.a3 Bxc3+ 6.Qxc3 b6 7.Bg5 Ba6 8.Qf3 Nc6
9.e3 Na5 10.Rc1 c5 11.Bxf6 Qxf6 12.Qxf6 gxf6 13.Nf3 cxd4 14.Nxd4 Rfc8 15.b4 Nxc4
16.b5 Ne5 17.Rxc8+ Bxc8 18.Be2 Bb7 19.f4 Ng6 20.Rg1 Rc8 21.Kd2 Ne7 22.g4 Be4
23.Bd3 Bxd3 24.Kxd3 Nd5 25.Ne2 Rc5 26.e4 Ne7 27.a4 Ng6 28.Rh1 Kf8 29.h4 d5
30.exd5 Rxd5+ 31.Ke3 Rc5 32.Rd1 Ke8 33.g5 f5 34.Ra1 Nxh4 35.Rh1 Ng6 36.Rxh7 Rc4
37.Nd4 Rxa4 38.Nc6 a6 39.bxa6 Rxa6 40.Rh1  0-1

[Event "Najdorf Memorial Open"]
[Site "Warsaw POL"]
[Date "2008.08.07"]
[Round "6"]
[White "Wickstrom,L"]
[Black "Adamski,J"]
[Result "1/2-1/2"]
[WhiteElo "2139"]
[BlackElo "2330"]

1.d4 Nf6 2.c4 e6 3.Nc3 Bb4 4.Qc2 O-O 5.a3 Bxc3+ 6.Qxc3 Ne4 7.Qc2 f5 8.e3 b6
9.Ne2 Bb7 10.Ng3 Qg5 11.Bd3 Nxg3 12.fxg3 Qg4 13.d5 c6 14.O-O cxd5 15.Rf4 Qg6
16.g4 dxc4 17.gxf5 Qxg2+ 18.Qxg2 Bxg2 19.Bxc4 Bd5 20.Bxd5 exd5 21.Bd2 Nc6
22.Rd1 Rae8 23.Bc3 Rxe3 24.Rxd5 Rf7 25.Kf2 Rh3 26.Kg2 Re3 27.Kf2 Rh3 28.Kg2 Rh5
29.Rg4 Ne7 30.Rxd7 Nxf5 31.Rd8+ Rf8 32.Rd7 Rf7 33.Rd8+ Rf8 34.Rd7 Rf7  1/2-1/2

[Event "US Open"]
[Site "Dallas USA"]
[Date "2008.08.08"]
[Round "7"]
[White "Vaidya,C"]
[Black "Zepeda,L"]
[Result "1-0"]
[WhiteElo "2145"]
[BlackElo "2161"]

1.d4 Nf6 2.c4 e6 3.Nc3 Bb4 4.Qc2 O-O 5.a3 Bxc3+ 6.Qxc3 b6 7.Bg5 Bb7 8.e3 d6
9.Qc2 Nbd7 10.Ne2 h6 11.Bh4 c5 12.Rd1 Qe7 13.Nc3 cxd4 14.Rxd4 Rfd8 15.f3 Nf8
16.Be2 Ng6 17.Bg3 d5 18.cxd5 Nxd5 19.Nxd5 Bxd5 20.O-O Rac8 21.Qd2 Bb3 22.Ba6 Rxd4
23.Qxd4 Rd8 24.Qc3 Ba4 25.Bd3 Nf8 26.Rc1 Qd7 27.Bf1 Qd2 28.Be1 Qxc3 29.Bxc3 Nd7
30.Bd4 e5 31.Bc3 Rc8 32.Re1 f6 33.f4 Kf7 34.g4 Ke6 35.Bd3 Rc7 36.h4 Bb3 37.Re2 exf4
38.exf4+ Kf7 39.h5 Nf8 40.Bf5 Bc4 41.Re3 Re7 42.Rg3 Be6 43.Bc2 Nd7 44.Bg6+ Kf8
45.g5 hxg5 46.fxg5 fxg5 47.Rxg5 a5 48.b4 axb4 49.Bxb4 Nc5 50.Rxc5 bxc5 51.Bxc5 Bd7
52.Kf2 Bc6 53.Kg3 Ba4 54.Kf4 Bb3 55.Kg5 Ba4 56.h6 gxh6+ 57.Kf6 Bd1 58.Bxe7+ Kg8
59.Be8 Kh7 60.a4 Be2 61.Bb5 Bf3 62.a5 Bb7 63.a6  1-0

[Event "Najdorf Memorial Open"]
[Site "Warsaw POL"]
[Date "2008.08.08"]
[Round "7"]
[White "Gajewski,G"]
[Black "Socko,M"]
[Result "1-0"]
[WhiteElo "2575"]
[BlackElo "2473"]

1.d4 Nf6 2.c4 e6 3.Nc3 Bb4 4.Qc2 O-O 5.e4 d5 6.e5 Ne4 7.Bd3 c5 8.Ne2 cxd4
9.Nxd4 Nd7 10.Bf4 Ndc5 11.O-O Bxc3 12.bxc3 Bd7 13.Be2 Ba4 14.Qb2 f6 15.f3 Ng5
16.exf6 gxf6 17.cxd5 Qxd5 18.c4 Qd7 19.Nb3 Bxb3 20.axb3 Qg7 21.Bd6 Rfc8 22.b4 Nd7
23.c5 Kh8 24.Bb5 e5 25.Rad1 Nf8 26.f4 Nh3+ 27.Kh1 Nxf4 28.g3 Nh5 29.Rxf6 Nxf6
30.Bxe5 Qf7 31.Bxf6+ Kg8 32.Rd4 Re8 33.Rg4+ Ng6 34.Bc4 Re6 35.h4 Rae8 36.h5 Re1+
37.Kg2 Qxc4 38.Rxc4 R8e2+ 39.Qxe2 Rxe2+ 40.Kf3 Re6 41.Bc3 Ne5+ 42.Bxe5 Rxe5
43.b5 Kf7 44.Kf4 Re7 45.c6 bxc6 46.bxc6 Rc7 47.Ke5 Ke7 48.Kd5 Kd8 49.Kd6 Rf7
50.Rf4  1-0

[Event "12th HZ Open"]
[Site "Vlissingen NED"]
[Date "2008.08.09"]
[Round "9"]
[White "Galle,A"]
[Black "Rosmuller,A"]
[Result "1/2-1/2"]
[WhiteElo "1961"]
[BlackElo "2103"]

1.d4 Nf6 2.c4 e6 3.Nc3 Bb4 4.Qc2 O-O 5.Bg5 d5 6.e3 c5 7.dxc5 Na6 8.a3 Bxc3+
9.Qxc3 Nxc5 10.Bxf6 gxf6 11.cxd5 Ne4 12.Qd4 Qa5+ 13.b4 Qxd5 14.Qxd5 exd5
15.Nf3 a5 16.b5 Be6 17.Bd3 Rfc8 18.Bxe4 dxe4 19.Nd4 Rc3 20.O-O Rac8 21.h3 Kf8
22.g4 Ke7 23.Kh2 R8c5 24.a4 Bd7 25.Ne2 Rc2 26.Nd4 R2c4 27.Nb3 Rg5 28.Nxa5 Rc8
29.Rac1 h5 30.Rxc8 Bxc8 31.Rg1 hxg4 32.hxg4 Kd8 33.Nb3 Bxg4 34.Nd4 Rh5+ 35.Kg3 f5
36.a5 Kc7 37.Kf4 f6 38.a6 Rh2 39.Kg3 Rh3+ 40.Kf4 Rh2 41.Nxf5 Bxf5 42.Kxf5 Rxf2+
43.Kxe4 bxa6 44.bxa6 Kb6 45.Ra1 Ka7 46.Ra5 Rb2 47.Kf5  1/2-1/2

[Event "Najdorf Memorial Open"]
[Site "Warsaw POL"]
[Date "2008.08.09"]
[Round "8"]
[White "Sielicki,T"]
[Black "Fistek,D"]
[Result "0-1"]
[WhiteElo "2043"]
[BlackElo "2208"]

1.d4 Nf6 2.c4 e6 3.Nc3 Bb4 4.Qc2 O-O 5.Nf3 b6 6.Bg5 h6 7.Bxf6 Qxf6 8.g3 Bb7
9.Bg2 c5 10.O-O cxd4 11.Nb5 Nc6 12.a3 Be7 13.Rad1 e5 14.e3 dxe3 15.Rxd7 Bc8
16.Rdd1 Bf5 17.Qe2 exf2+ 18.Kh1 Rad8 19.Rxf2 Rxd1+ 20.Qxd1 Rd8 21.Qe1 Bc5
22.Rd2 Rxd2 23.Qxd2 e4 24.Nh4 e3 25.Qe2 Bd7 26.Nc3 a5 27.Ne4 Qd4 28.Nxc5 Qxc5
29.Bd5 Ne7 30.Be4 f5 31.Bf3 Be6 32.Ng2 Bxc4 33.Qxe3 Qxe3 34.Nxe3 Bb3 35.h4 Kf7
36.Kg2 Ke6 37.Kf2 Ke5 38.Ke2 Nd5 39.Nf1 Bc4+ 40.Kf2 Bxf1 41.Kxf1 Ne3+ 42.Ke2 Nc4
43.Kd3 Nxb2+ 44.Kc3 Na4+ 45.Kc4 Nc5 46.Kb5 Nd7 47.Bc6 Kd6 48.Bxd7 Kxd7 49.Kxb6 g5
50.Kc5 gxh4 51.gxh4 Ke6 52.Kd4 h5 53.a4 Kd6 54.Kd3 Ke5 55.Ke3 f4+ 56.Kf2 Ke4
57.Ke2 f3+ 58.Ke1 Kf4 59.Kf1 Kg3 60.Kg1 Kxh4 61.Kh2 Kg4 62.Kh1 Kg3 63.Kg1 f2+
64.Kf1 h4 65.Ke2 Kg2  0-1

[Event "IV RC Sport Open"]
[Site "Ceska Trebova CZE"]
[Date "2008.08.12"]
[Round "6"]
[White "Plischki,S"]
[Black "Cvek,R"]
[Result "1/2-1/2"]
[WhiteElo "2402"]
[BlackElo "2532"]

1.d4 Nf6 2.c4 e6 3.Nc3 Bb4 4.Qc2 O-O 5.a3 Bxc3+ 6.Qxc3 b6 7.Bg5 Bb7 8.e3 d6
9.Ne2 Nbd7 10.Qc2 c5 11.Rd1 Qc7 12.Nc3 a6 13.Qd2 Rac8 14.f3 h6 15.Bh4 d5
16.cxd5 exd5 17.Bd3 cxd4  1/2-1/2

[Event "Open A"]
[Site "Vladimir RUS"]
[Date "2008.08.12"]
[Round "1"]
[White "Savina,A"]
[Black "Andreev,Ed UKR"]
[Result "0-1"]
[WhiteElo "2269"]
[BlackElo "2455"]

1.d4 Nf6 2.c4 e6 3.Nc3 Bb4 4.Qc2 O-O 5.a3 Bxc3+ 6.Qxc3 b6 7.Nf3 Bb7 8.e3 c5
9.Be2 d5 10.dxc5 bxc5 11.O-O Nbd7 12.Rd1 a5 13.Nd2 Qb6 14.cxd5 exd5 15.b3 Rfe8
16.Qc2 a4 17.Rb1 axb3 18.Rxb3 Qa7 19.Nb1 d4 20.exd4 cxd4 21.Bf3 Rac8 22.Qa2 Ba6
23.Nd2 Ne5 24.Bb2 Nxf3+ 25.gxf3 Rc2 26.Qb1 Qc5 27.Nf1 d3 28.Ne3 Rxe3  0-1

[Event "Independence Cup A"]
[Site "Kyiv UKR"]
[Date "2008.08.14"]
[Round "2"]
[White "Kovaliova,V"]
[Black "Sshedrin,I"]
[Result "0-1"]
[WhiteElo "2055"]
[BlackElo "1969"]

1.d4 Nf6 2.c4 e6 3.Nc3 Bb4 4.Qc2 O-O 5.Nf3 c5 6.dxc5 Na6 7.a3 Bxc3+ 8.Qxc3 Nxc5
9.e3 b6 10.b4 Nce4 11.Qc2 Bb7 12.Bb2 Rc8 13.Bd3 d5 14.Qe2 dxc4 15.Bxc4 Qe7
16.O-O Rfd8 17.Rac1 h6 18.h3 Rc7 19.Rc2 Bc6 20.Bb3 Bd5 21.Rfc1 Rxc2 22.Qxc2 Bxb3
23.Qxb3 Nd2 24.Nxd2 Rxd2 25.Bc3 Rd5 26.a4 Ne4 27.Bd4 Qh4 28.Qb2 Rg5 29.f3 Nd6
30.Qf2 Qxh3 31.e4 Qh5 32.Rc7 f5 33.Be3 Rg6 34.e5 Nf7 35.Bf4 Ng5 36.Kf1 Qh1+
37.Ke2 Nh3 38.gxh3 Rg2 39.Rxa7 Rxf2+ 40.Kxf2 Qb1 41.b5 Qb2+ 42.Kg3 Qd4 43.h4 Qg1+
44.Kh3 Qf2 45.Bg3 Qxf3 46.Kh2 f4 47.Bxf4 Qxf4+ 48.Kg2 Qxe5 49.Ra6 Qd4  0-1